The fiddler #1 / Beverly Lewis.
Available copies
- 4 of 4 copies available at LARL/NWRL Consortium.
- 1 of 1 copy available at Lake Agassiz Regional Library. (Show preferred library)
Current holds
0 current holds with 4 total copies.
Show Only Available Copies
| Location | Call Number / Copy Notes | Barcode | Shelving Location | Status | Due Date |
|---|---|---|---|---|---|
| Bagley Public Library | C LEW (Text) | 33500010679322 | Main | Available | - |
| Godel Memorial-Warren Library | LEW (Text) | 35500005098825 | Main | Available | - |
| Red Lake Falls Public Library | LEW (Text) | 35500005050818 | Main | Available | - |
| Thief River Falls Public Library | LEW (Text) | 35500005050693 | Main | Available | - |
Record details
- ISBN: 9780764209871 (alk. paper)
- ISBN: 0764209876 (alk. paper)
- ISBN: 9780764209772 (pbk. : alk. paper)
- ISBN: 0764209779 (pbk. : alk. paper)
- ISBN: 9780764209888 (large-print pbk. : alk. paper)
- ISBN: 0764209884 (large-print pbk. : alk. paper)
- Physical Description: p. cm.
- Publisher: Minneapolis, Minn. : Bethany House, 2012.
Search for related items by subject
| Subject: | Women violinists > Fiction. Amish > Fiction. Amish Country (Pa.) > Fiction. |
| Genre: | Domestic fiction. Love stories. Christian fiction. |
Search for related items by series
| LDR | 03594cam a22006738a 4500 | ||
|---|---|---|---|
| 001 | 137310 | ||
| 003 | LARL_NWRL_CONSORTIUM | ||
| 005 | 20111214085903.0 | ||
| 008 | 111021s2012 mnu 000 1 eng | ||
| 010 | . | ‡a2011043956 | |
| 019 | . | ‡a729346658 | |
| 020 | . | ‡a9780764209871 (alk. paper) | |
| 020 | . | ‡a0764209876 (alk. paper) | |
| 020 | . | ‡a9780764209772 (pbk. : alk. paper) | |
| 020 | . | ‡a0764209779 (pbk. : alk. paper) | |
| 020 | . | ‡a9780764209888 (large-print pbk. : alk. paper) | |
| 020 | . | ‡a0764209884 (large-print pbk. : alk. paper) | |
| 035 | . | ‡a(OCoLC)729346657 ‡z(OCoLC)729346658 | |
| 040 | . | ‡aDLC ‡beng ‡cDLC ‡dBTCTA | |
| 042 | . | ‡apcc | |
| 043 | . | ‡an-us-pa | |
| 050 | 0 | 0. | ‡aPS3562.E9383 ‡bF53 2012 |
| 082 | 0 | 0. | ‡a813/.54 ‡223 |
| 100 | 1 | . | ‡aLewis, Beverly. ‡0(LARL_NWRL_CONSORTIUM)53867 |
| 245 | 1 | 4. | ‡aThe fiddler ‡n#1 / ‡cBeverly Lewis. |
| 260 | . | ‡aMinneapolis, Minn. : ‡bBethany House, ‡c2012. | |
| 300 | . | ‡ap. ‡ccm. | |
| 490 | 0 | . | ‡aHome to Hickory Hollow ; ‡v1 |
| 650 | 0. | ‡aWomen violinists ‡vFiction. | |
| 650 | 0. | ‡aAmish ‡vFiction. ‡0(LARL_NWRL_CONSORTIUM)163281 | |
| 651 | 0. | ‡aAmish Country (Pa.) ‡vFiction. | |
| 655 | 0. | ‡aDomestic fiction. | |
| 655 | 7. | ‡aLove stories. ‡2gsafd | |
| 655 | 7. | ‡aChristian fiction. ‡2gsafd | |
| 948 | . | ‡hNO HOLDINGS IN LAL - 20 OTHER HOLDINGS | |
| 994 | . | ‡aZ0 ‡bLAL | |
| 901 | . | ‡a137310 ‡bOCLC ‡c137310 ‡tbiblio | |

Add to basket
Permalink
Disable Highlighting